Fr. Conceicao Rodrigues College of Engineering

Transit-Time effects in uniproper solid-state devices (Record no. 22642)

MARC details
000 -LEADER
fixed length control field 00357nam a2200157Ia 4500
082 ## - DEWEY DECIMAL CLASSIFICATION NUMBER
Classification number 530.41
100 ## - MAIN ENTRY--PERSONAL NAME
Personal name Dascalu/ D. Dr.
245 ## - TITLE STATEMENT
Title Transit-Time effects in uniproper solid-state devices
260 ## - PUBLICATION, DISTRIBUTION, ETC.
Name of publisher, distributor, etc. Alacus press
Place of publication, distribution, etc. Romania
Date of publication, distribution, etc. 1974
300 ## - PHYSICAL DESCRIPTION
Extent 395
546 ## - LANGUAGE NOTE
Language note ENGLISH
650 ## - SUBJECT ADDED ENTRY--TOPICAL TERM
Topical term or geographic name entry element Electrical
654 ## - SUBJECT ADDED ENTRY--FACETED TOPICAL TERMS
Focus term devices
942 ## - ADDED ENTRY ELEMENTS (KOHA)
Koha item type BOOK
Holdings
Withdrawn status Lost status Damaged status Not for loan Collection Home library Current library Date acquired Source of acquisition Cost, normal purchase price Inventory number Total Checkouts Full call number Barcode Date last seen Cost, replacement price Price effective from Koha item type
        CRC Fr. Agnel's C.Rodrigues College of Engineering Fr. Agnel's C.Rodrigues College of Engineering 17/03/2023 Progressive Books 373.20 2056 dt 05.9.92   530.41 3825 17/03/2023 373.20 05/09/1992 BOOK